000 00558nam a2200205Ia 4500
003 GCL
008 140319s9999 xx 000 0 ara d
040 _aGCL /
_cGCL
082 0 4 _aق
_b338.9
_bح م
100 1 _aحسين الاتربى
245 1 0 _aمصر المشاكل والحلول /
_cحسين الاتربى
300 _a91 ص
490 _a
650 0 4 _aمصر
650 0 4 _aمرافق الخدمة العامة
650 0 4 _aالدخل القومى
650 0 4 _aالقاهرة
650 0 4 _aالامن الغذائى
942 _2ddc
_cBK
999 _c39322
_d39322